[Event "RUS-chT 07th"]
[Site "Smolensk"]
[Date "2000.04.15"]
[Round "1"]
[White "Pigusov, Evgeny"]
[Black "Nikitin, Andrey"]
[Result "1-0"]
[WhiteElo "2610"]
[BlackElo "2400"]
[Annotator "Horn,Pe"]
[PlyCount "63"]
[EventDate "2000.04.15"]
[EventType "team-tourn"]
[EventRounds "11"]
[EventCountry "RUS"]
[SourceTitle "CBM 077"]
[Source "ChessBase"]
[SourceDate "2000.07.27"]
[SourceVersion "1"]
[SourceVersionDate "2000.07.27"]
[SourceQuality "1"]
[WhiteTeam "Tomsk 400"]
[BlackTeam "Tomsk Politekhnik-Yantar"]
[WhiteTeamCountry "RUS"]
[BlackTeamCountry "RUS"]

1. Nf3 d5 2. g3 Bg4 3. Bg2 Nd7 4. c4 e6 5. Qb3 Nc5 6. Qc2 (6. Qe3 Nf6 7. d4
Bxf3 8. Bxf3 Nce4 9. cxd5 Bb4+ 10. Kf1 exd5 11. Qb3 Qd6 12. Qa4+ Qc6 13. Qxb4
Qxc1+ 14. Kg2 Qc6 $11 {Norwood,D-Parker,J/GBR 1999}) 6... c6 (6... Nf6 7. O-O (
7. d4 Bf5 8. Qd1 Ncd7 9. Qb3 Qc8 10. Nc3 c6 11. Bf4 Nb6 12. Ne5 Ng4 13. cxd5
exd5 14. Rc1 Nxe5 15. Bxe5 Bh3 $132 {Salov,V-Dreev,A/Elista 1998}) 7... Be7 8.
d3 O-O 9. b3 c6 10. Bb2 Nfd7 11. Nbd2 Bf6 12. b4 Na6 13. Qb3 Bxb2 14. Qxb2 Qe7
$11 {Pytel,K-Sydor,A/Gdynia 1973}) 7. d3 Nf6 8. O-O Be7 (8... Ncd7 {Weiß hat
den Zug Qc2 geschenkt bekommen.} 9. cxd5 {warum ?} cxd5 $1 10. Nc3 Bc5 11. Qb3
Qb6 12. Qxb6 Bxb6 $11 {Goldin,A-Rublevsky,S/Niksic/1997}) 9. Be3 Bxf3 $146 {
bereitet den Vorstoß im nächsten Zug vor.} (9... Ncd7 10. Qb3 Qc7 11. cxd5 Nxd5
12. Bd2 e5 13. e4 N5b6 14. Be3 O-O 15. Nbd2 Bc5 16. Bxc5 Nxc5 17. Qc3 Nbd7 18.
b4 Ne6 19. h3 Bxf3 20. Nxf3 a5 21. a3 axb4 22. axb4 $14 {Pigusov,E-Ibragimov,I/
Elista/1996}) 10. Bxf3 d4 {Schwarz gewinnt Zeit; dafür muß er dem Bf3 mehr
Einfluß zugestehen.} 11. Bc1 {[%cal Yb2b4]} a5 12. Nd2 a4 ({Näher lag} 12...
O-O 13. b3) 13. Bg2 Nfd7 ({Nach} 13... O-O 14. Nf3 $14 {steht Weiß etwas
bequemer, da es Schwarz schwer fällt, e6-e5 durchzusetzen.}) 14. Nf3 e5 15. e3
dxe3 16. Bxe3 ({Bei} 16. fxe3 {ist das positionelle Bauernopfer} e4 17. dxe4
O-O {zu beachten.}) 16... O-O 17. d4 exd4 18. Nxd4 {Die schwarze Stellung
sieht angesichts der symmetrischen Bauernstellung sehr solide aus. Weiß stützt
seine Hoffnung auf Vorteil auf das Läuferpaar.} Bf6 19. Rad1 Qa5 20. Nf5 Qb4
21. Rb1 Rfd8 22. Bd2 Qb6 23. b4 axb3 24. axb3 Ne6 25. b4 g6 (25... Qa6 26. b5
Qa2 $14) (25... Nd4 26. Nxd4 Qxd4 27. Be3 Qc3 28. Qxc3 Bxc3 29. f4 $14) 26. Be3
Qc7 27. Nh6+ Kg7 ({Sehr riskant sieht} 27... Kf8 {aus (um dem Bf6 einen
Rückzug auf der langen Diagonale zu ermöglichen), aber das direkte} 28. f4 {
ermöglicht den Tausch:} Bd4 $14 (28... Ra3 $5)) 28. Ng4 Kg8 $2 {Ein
anscheinend nicht notwendiges strategisches Zugeständnis (nach Möglichkeit
sollte Schwarz, nachdem er die Königsstellung mit g6 geschwächt hat, den
Abtausch des Bf5 gegen den Ng4 vermeiden).} (28... Nd4 29. Qd1 Nf5 30. Bf4 $16)
({Das naheliegende} 28... Bd4 $142 29. Bxd4+ Nxd4 {sieht wegen} 30. Qb2 {
schlimm aus, aber nach} Ne5 $14 {kann Weiß keinen direkten Nutzen aus der
Fesselung ziehen.}) 29. Nxf6+ Nxf6 30. h3 $16 Nd4 $2 {Ein Einsteller, aber die
Partie sah schon nicht mehr erfreulich aus.} (30... Ne8) 31. Qb2 $18 Qe5 32.
Rfd1 1-0

[Event "VISA Nordic GP Final"]
[Site "Gentofte"]
[Date "1999.08.20"]
[Round "13"]
[White "Hillarp Persson, Tiger"]
[Black "Hector, Jonny"]
[Result "1-0"]
[WhiteElo "2507"]
[BlackElo "2505"]
[Annotator "Horn,Pe"]
[PlyCount "80"]
[EventDate "1999.08.05"]
[EventType "tourn"]
[EventRounds "13"]
[EventCountry "DEN"]
[EventCategory "9"]
[SourceTitle "CBM 073"]
[Source "ChessBase"]
[SourceDate "1999.12.01"]
[SourceVersion "1"]
[SourceVersionDate "1999.12.01"]
[SourceQuality "1"]

1. g3 d5 2. Bg2 c6 3. Nf3 Bg4 4. O-O Nd7 5. d3 e5 6. e4 dxe4 7. dxe4 Ngf6 8.
Nbd2 Qc7 9. h3 Bxf3 {Die freiwillige Aufgabe des Läuferpaars findet
erstaunlich viele Anhänger.} (9... Bh5) 10. Qxf3 Nc5 (10... Bc5 11. Rb1 O-O (
11... a5) 12. b4 Be7 13. Nc4 Rfe8 14. h4 h5 15. Bh3 b5 16. Ne3 g6 17. c4 Nb6
18. cxb5 cxb5 19. Bb2 Rad8 (19... Qc6 $1 $11) 20. Rfc1 $14 {Cvitan,O-Kummer,H/
Oberwart 1996}) 11. a4 (11. Re1 Ne6 12. Bf1 h5 13. h4 Rd8 14. c3 Ng4 15. Nc4
Bc5 16. Ne3 Bxe3 17. Bxe3 Nxe3 18. Rxe3 g6 19. Qf6 O-O 20. Bc4 $14 {Anastasian,
A-Toria,G/Erevan 1983}) 11... Be7 12. Nc4 O-O 13. Qe2 Ne6 14. c3 Rad8 (14...
Nc5 15. f4 (15. Qc2) 15... Nfd7 (15... Nb3 16. fxe5 $13) 16. Be3 $14 a5 $2 17.
fxe5 Nxe5 $2 18. Nxe5 Qxe5 19. Rf5 $18 {Kapischka,J-Lehmann,K/BL2-N 1992}) 15.
b4 b5 16. Ne3 a5 (16... a6 17. Nf5 $14) 17. axb5 axb4 (17... cxb5 18. Nd5 Nxd5
19. exd5 Qxc3 20. Be3 Nd4 21. Bxd4 Qxd4 22. bxa5 $16) 18. bxc6 Qxc6 (18... bxc3
19. Nd5 Nd4 20. Qd3 Nxd5 (20... Nb3 21. Nxe7+ Qxe7 22. Qxc3 Nxa1 23. Ba3 $16)
21. exd5 $16) 19. Nf5 (19. cxb4 Bxb4 20. Nd5 Nd4 21. Qd3 Nxd5 22. exd5 $14) (
19. Nd5 Nxd5 20. exd5 Qxc3 21. Be3 Nd4 22. Bxd4 Qxd4 23. Rad1 $11) 19... Rfe8 (
19... Bc5 20. cxb4 Bxb4 21. Bb2 Nd4 22. Nxd4 exd4 23. e5 Qe6 24. Qb5 Rb8 25.
Bb7 Qd7 26. Qxb4 Rxb7 27. Qxd4 $16) 20. Nxe7+ Rxe7 21. cxb4 Nd4 22. Qb2 (22.
Qa6 Qxa6 23. Rxa6 Rb7 24. Ba3 $16) 22... Rb7 23. Be3 Qc4 24. Rab1 ({Mit} 24.
Rfb1 {konnte Weiß den Pb4 zunächst behaupten:} Rdb8 $140 $2 (24... Nc2 $2 {
geht garnicht:} 25. Rc1 $18) (24... h6 $142 25. Kh2 Rdb8 26. Qa2 {führt zu
Situationen wie in der Partie.} (26. Bd2 Qe2 {ist nicht die Stellung, die man
einem Angriffsspieler wie Hector gerne gestattet. Z.B.:} 27. Bc3 Nf3+ 28. Bxf3
Qxf3 $13) 26... Qxa2 27. Rxa2 Rxb4 28. Rxb4 Rxb4 29. Ra5 $14) 25. Bxd4 exd4 26.
e5 Nd5 27. Rc1 $18) 24... Rdb8 25. Qd2 {Diesen Zug hat Weiß mit Rab1
vorbereitet.} (25. Bd2 Nxe4 $1) 25... Rxb4 $14 {Schwarz besitzt jetzt
angesichts der reduzierten Bauernstellung ausgezeichnete Remischancen; er hat
aber angesichts des Kampfes 2 B gegen 2 N auch gute Chancen, noch lange
gequält zu werden.} 26. Rxb4 Rxb4 (26... Qxb4 {gefällt mir besser:} 27. Qxb4 ({
Weiß entkommt dem Tausch kaum:} 27. Qa2 Qb2 28. Qa6 Qe2) 27... Rxb4 28. Ra1 $14
) 27. Kh2 h6 {Der Kg8 braucht Luft.} 28. Rc1 Qb5 29. Rc8+ Kh7 30. Qa2 {[%cal
Ya2a8,Ya2f7]} Qb7 31. Rd8 Ne6 ({Es überrascht nicht, daß Schwarz nach} 31...
Nxe4 $2 {größere Schwierigkeiten bekommt:} 32. Ra8 Nc6 (32... Nb5 33. Qa5 $40 {
[%cal Ya5d8]}) (32... Nb3 33. Ra7 Qd5 34. Qa3 (34. Re7 $5) 34... Qc4 35. Rxf7
$16) 33. Rf8 $40) 32. Ra8 Rb2 (32... Nxe4 33. Ra7 Qc6 34. Rxf7 $16) 33. Qa4 Rb4
34. Qa3 Rb3 35. Qa1 Rb1 36. Ra7 Qb3 $2 {Zeitnot ? Damit steht einfach der Pe5
ein.} (36... Rxa1 37. Rxb7 $16) 37. Qxe5 $18 Qd1 38. f4 {Vielleicht war Hector
dies entgangen.} Qh5 39. Qxh5 Nxh5 40. Rxf7 Rb3 1-0

[Event "ARM-ch"]
[Site "Yerevan"]
[Date "1995.??.??"]
[Round "4"]
[White "Akopian, Vladimir Eduardovic"]
[Black "Yegiazarian, Arsen"]
[Result "1-0"]
[WhiteElo "2625"]
[BlackElo "2460"]
[Annotator "Horn,Pe"]
[PlyCount "77"]
[EventDate "1995.08.??"]
[EventType "tourn"]
[EventRounds "11"]
[EventCountry "ARM"]
[EventCategory "10"]
[SourceTitle "CBM 050"]
[Source "ChessBase"]
[SourceDate "1996.02.01"]
[SourceVersion "1"]
[SourceVersionDate "1996.02.01"]
[SourceQuality "1"]

1. Nf3 {Mowsziszian Akopian} d5 2. g3 Nf6 3. Bg2 Bg4 4. O-O c6 5. b3 Nbd7 6.
Bb2 e6 7. d3 Bd6 8. Nbd2 O-O 9. h3 Bxf3 10. Nxf3 (10. Bxf3 a5 11. a4 {
Mowsziszian: Positionell ein wichtiger Zug, Weiß hemmt die Möglichkeiten a5-a4
und b7-b5.} Qb6 {/\Bxg3} (11... e5 {Mowsziszian} 12. e4 $14) 12. d4 e5 13. e3
e4 $15 {Heyken,E-Lutz,C/Budapest Elekes/1989}) 10... a5 11. a4 $5 $146 {
Ein in vergleichbaren Stellungen eher ungewöhnlicher Zug.} (11. a3 a4 12. b4 c5
13. bxc5 Bxc5 14. Qd2 {1/2-1/2 /Gschnitzer-Lutz/Wildbad/1990}) 11... Qc7 12. e3
{[%cal Yd1e2]} e5 (12... b5 13. axb5 cxb5 14. c4 dxc4 15. dxc4 bxc4 16. bxc4 e5
17. Qc2 $14) (12... Rfc8 $5 {/\ b5}) (12... Rfe8 $5 {Mowsziszian} 13. Nd4 g6 {
/\Bf8,e6-e5}) 13. Nh4 {[%cal Yh4f5]} Rfe8 (13... g6 {Danach steht der Nh4
nicht besonders glücklich. Die Schwächung der langen Diagonalen kann
wahrscheinlich durch Überführen des Bd6 nach g7 repariert werden.} 14. f4 $140
$6 exf4 15. gxf4 (15. exf4 Rfe8) 15... Rfe8) 14. Nf5 Bf8 15. g4 g6 16. Ng3 {
[%cal Rg4g5]} h6 (16... Red8 17. g5 Ne8 18. f4 Bg7 $14) 17. h4 Bd6 (17... Nh7
18. c4 dxc4 $140 19. bxc4 $16) (17... Bg7 $5 {Mowsziszian}) 18. g5 hxg5 19.
hxg5 Nh7 20. Qg4 Ndf8 (20... Qd8 $5 {Mowsziszian} 21. f4 Ndf8 {/\ ef4, und die
/^g1-a7 kann man für die schwarze Verteidigung nutzen.} 22. c4 $2 dxc4 23. dxc4
exf4 24. exf4 Qb6+ $132) 21. c4 $1 Qc8 (21... dxc4 22. bxc4 $16 (22. dxc4 {
Mowsziszian} Ne6 23. Ne4 $16)) 22. Qh4 (22. Qxc8 Raxc8 23. cxd5 cxd5 24. Bxd5
Rc2 (24... Nxg5 25. Rac1 $16) 25. Ne4 Rd8 (25... Rxb2 26. Nxd6 Re7 27. Nc4 Rxb3
28. Nxe5 $16) 26. Rab1 Be7 27. Bc4 $16) 22... Qe6 (22... Qd8 23. cxd5 Nxg5 {
[%cal Rg5f3]} 24. Qh6 cxd5 25. Bxd5 Rb8 26. f4 $1 Bc5 27. Bc4 Bxe3+ 28. Kh2
Ngh7 29. Nf5 $1 $18) 23. cxd5 cxd5 24. Qh6 (24. Qh1 $5 Qg4 (24... Nxg5 {Akopian
} 25. Bxd5 Qg4 26. Rac1 $16) 25. Bxd5 Rac8 26. Rac1 $14) 24... Nd7 (24... Rac8
{Akopian} 25. Bh3 Qe7 26. Bxc8 Rxc8 27. Rac1 Rxc1 28. Rxc1 Nxg5 29. Rc8 $16) (
24... Be7 25. f4 {[%cal Rb2g7]} d4 {um die tödliche Diagonale b2-g7 zu
schließen.} 26. Rab1 $5 Qb6 (26... Qg4 27. Ne4 (27. Kh2 $2 Nxg5) 27... Ne6 28.
Rf3 Qh5 29. Qxh5 gxh5 30. exd4 exf4 31. d5 Nexg5 32. Rxf4 $16) 27. Nf5 Ne6 28.
Nxe7+ Rxe7 29. f5 (29. Rf3 $2 Qxb3 $132) 29... gxf5 30. exd4 exd4 31. Ba3 Rc7
32. Rxf5 $40) 25. Bh3 Qe7 26. f4 Nc5 27. Nf5 $1 $18 gxf5 28. Bxf5 f6 (28... Nf8
29. Rf2 $18 {[%cal Rf2h2]}) 29. gxf6 Nxf6 30. Rf2 {[%cal Rf2g2]} Qf8 (30...
Qg7+ {Mowsziszian} 31. Rg2 Re7 32. Qxf6 $18) (30... Kf7 {Mowsziszian} 31. Bg6+
Kg8 (31... Ke6 32. Qh3+) 32. Rg2 $18) 31. Rg2+ Kf7 32. Qg6+ Ke7 33. fxe5 Bxe5
34. Bxe5 Ra6 35. Rf1 (35. Rc1 $18) 35... Kd8 36. d4 (36. Qg3 Rc6 37. Bh3 $18)
36... Qe7 37. Rc1 (37. Bd3 Nxd3 38. Bxf6 $18) 37... Ncd7 38. Bc7+ Kc8 39. Bd6+
1-0

[Event "Terres Catalanes 15th"]
[Site "Ampuriabrava"]
[Date "1997.09.18"]
[Round "2"]
[White "Ubilava, Elizbar"]
[Black "Pomes Marcet, Juan"]
[Result "1-0"]
[WhiteElo "2520"]
[BlackElo "2430"]
[Annotator "Horn,Pe"]
[PlyCount "81"]
[EventDate "1997.09.17"]
[EventType "tourn"]
[EventRounds "9"]
[EventCountry "ESP"]
[EventCategory "10"]
[SourceTitle "CBM 062"]
[Source "ChessBase"]
[SourceDate "1998.01.31"]
[SourceVersion "1"]
[SourceVersionDate "1998.01.31"]
[SourceQuality "1"]

1. Nf3 Nf6 2. g3 d5 3. Bg2 c6 4. O-O Bg4 5. b3 Nbd7 6. Bb2 e6 7. d3 Bd6 8. Nbd2
O-O 9. h3 Bh5 10. Qe1 Re8 11. e4 e5 12. Nh4 {Eine der Hauptstellungen im
Königsindischen Angriff. Schwarz hat hier so ziemlich alles schon gespielt.}
Bc5 (12... a5) (12... Qc7) (12... Nf8) (12... Qb6) (12... Bg6) (12... dxe4) (
12... Bf8) 13. Kh2 {Macht den Pf2 wieder beweglich. Bei einem eventuellen
Pf2-f4 muß Weiß jetzt aber damit rechnen, auf der Diagonale c7-h2 geärgert zu
werden. Deswegen ziehen die meisten Spieler in ähnlichen Situationen das Feld
h1 vor.} (13. Kh1 dxe4 {Hier und im folgenden bestehen natürlich ernsthafte
Alternativen.} 14. dxe4 Nf8 15. Nc4 N6d7 16. b4 Bb6 17. Nf5 Qc7 18. f4 f6 19.
Nfd6 $14 {Zaichik,G-Ibragimov,I/World op 1995/EXT 97}) 13... a5 14. a3 Qc7 {
[%cal Yc7h2] Bringt den Kh2 bei einem etl. f4 in eine gefährliche Fesselung.}
15. Nf5 Bg6 16. Ne3 Nb6 (16... d4 $2 {Dieser Fritzzug ist genau das, worauf
der Weiße hofft: nach der Aufgabe der Spannung im Zentrum erhält Weiß freie
Hand am Königsflügel.}) 17. Ng4 Nxg4+ {Verstärkt die weiße P-Struktur am
K-Flügel.} (17... Nfd7 18. f4 {Ich bin nicht sicher, ob hier Weiß nicht noch
vorbereitende Züge vorgezogen hätte. Immerhin konnte er sich durch den Abzug
des Nf6 etwas entlastet fühlen.} exf4 19. gxf4) 18. hxg4 dxe4 (18... Bd6) 19.
Nxe4 Bf8 20. f4 $6 {Hier unterschätzt Weiß m.E. die schwarzen Möglichkeiten.} (
20. Bh3 $14 {[%cal Yh2g2,Yf2f4] Ein ruhigeres Vorgehen hätte mir hier besser
gefallen; Ubilava will es jetzt aber wissen.}) 20... exf4 (20... Bxe4 21. Bxe4
exf4 22. gxf4 Bd6 23. Qf2 Nd5 $13 {Eine heiße Stellung: die schwarze
K-stellung sieht sehr gefährdet aus, die weiße aber auch.}) 21. gxf4 f5 $1 $132
(21... Nd5 22. Qg3) 22. gxf5 Bxf5 {[%cal Ye8e6,Ye6h6,Ya8e8]} 23. Be5 {Löst das
Problem der Diagonalen c2-h2.} (23. Qg3 $6 Re6 {[%cal Ye6g6,Ye6h6]}) 23... Qf7
24. Ng3 Bg4 25. d4 Nd7 (25... a4) 26. Qc3 Nf6 27. f5 h5 28. Rf2 Be7 29. Qd2 a4
30. b4 Rad8 (30... h4 $6 31. Ne4 (31. Nf1 $2 Bxf5) 31... Nxe4 32. Bxe4 $132)
31. Re1 Bd6 32. Qg5 $2 (32. Qf4 $13) 32... h4 $4 {Gibt freiwillig den stolzen
Ph5 her: das ist nur durch Zeitnot erklärbar.} (32... Rd7 $17 {[%cal Yd7e7]})
33. Qxh4 $18 Bh5 34. Kg1 Rd7 35. Rff1 Rde7 36. Nxh5 Bxe5 37. dxe5 Qxh5 38. Qc4+
Kh8 39. Re3 Nh7 40. Rh3 Qg5 41. Rf4 1-0

[Event "Scandic Hotels CC"]
[Site "Stockholm"]
[Date "1999.08.02"]
[Round "3"]
[White "Kallio, Heikki"]
[Black "Yakovich, Yuri"]
[Result "1-0"]
[WhiteElo "2360"]
[BlackElo "2592"]
[Annotator "Horn,Pe"]
[PlyCount "119"]
[EventDate "1999.07.31"]
[EventType "tourn"]
[EventRounds "9"]
[EventCountry "SWE"]
[EventCategory "9"]
[SourceTitle "CBM 073"]
[Source "ChessBase"]
[SourceDate "1999.12.01"]
[SourceVersion "1"]
[SourceVersionDate "1999.12.01"]
[SourceQuality "1"]

1. Nf3 {Hecht} d5 2. g3 c6 3. Bg2 Bg4 4. O-O Nd7 5. d3 e6 6. Nbd2 Bd6 7. e4 Ne7
8. Qe2 (8. Qe1 O-O 9. h3 Bh5 10. g4 (10. Nh4 Re8 $6 11. g4 Bg6 12. f4 $14 {
Chernuschevich,A-Moroz,A/Pardubice 1998}) 10... Bg6 11. Nh4 Qc7 12. Nb3 Bf4 13.
Nd4 Rad8 14. Ne2 Bxc1 15. Qxc1 dxe4 16. dxe4 Qb6 17. Kh1 Nc5 18. Nc3 Qb4 19. a3
Qc4 20. Qe1 e5 $132 {Ralis,P-Yakovich,Y/Pardubice 1994}) 8... O-O 9. h3 Bh5 10.
g4 (10. Re1 Kh8 11. d4 Rc8 12. c4 c5 13. cxd5 exd5 14. e5 Bb8 15. e6 fxe6 16.
Qxe6 Re8 $17 {Byrne,D-Smyslov,V/Lugano 1968}) 10... Bg6 11. Nh4 (11. e5 $6 Bc7
12. c3 c5 13. d4 Nc6 14. dxc5 $6 Nxc5 $17 {Rodic Kures,G-Micic,J/JUG-chW 1990})
11... Qc7 12. Ndf3 Rae8 13. Re1 $5 $146 (13. Bd2 f6 14. Nxg6 Nxg6 {[%csl Gg6]}
15. Rae1 Bf4 16. exd5 Bxd2 17. Qxd2 cxd5 18. Nd4 Nf4 $11 {Korzubov,P-Budnikov,
A/Moscow 1991/URS-ch}) 13... f6 14. exd5 $1 {Darin liegt die eigentliche Idee:
Weiß möchte den Ne7 weglotsen, damit dieser nach Nh4xg6 nicht wiedernehmen
kann.} Nxd5 (14... exd5 15. Nxg6 hxg6 (15... Nxg6 16. Qxe8 Rxe8 17. Rxe8+ Ndf8
18. Bd2 $16 {[%cal Ya1e1]}) 16. Nd4 $36) (14... cxd5 $5 15. Nd4 $1 (15. Qxe6+
$2 Bf7 $17) 15... Nc5 (15... Bf7 16. Nxe6 $16) (15... Nc6 16. Nxe6 $16 {
Es scheint, daß Schwarz keinen genügenden Nutzen aus der Fesselung ziehen kann.
} (16. Nb5 Qb8 17. Nxg6 hxg6)) 16. Nb5 (16. b4 Be5 17. Nb5 Qb8 18. d4 Bh2+ 19.
Kh1 Ne4 $13) 16... Qb8 17. d4 Ne4 18. Nxd6 Nxd6 (18... Qxd6 19. c4 $14) 19.
Qxe6+ (19. Bf4 $14) 19... Bf7 20. Qd7 Ng6 21. Nf3 $14) 15. Nxg6 hxg6 16. d4 Bf4
(16... f5 17. c4 $14) ({Solide war} 16... Nf4 17. Bxf4 Bxf4 18. Rad1 $14 {
und die ungleichen B erzeugen eine Remistendenz.}) 17. c4 $1 N5b6 {[%csl Rb6]
Der Nb6 findet danach nur schwer einer aktiven Rolle. Deswegen ist die
Alternative wichtig:} (17... Bxc1 18. cxd5 {Dies wird Yakovich gefürchtet
haben.} (18. Raxc1 Nf4 {Auf jeden Fall steht der Nf4 hier besser als auf b6.}
19. Qe3 $13) 18... exd5 19. Qxe8 Rxe8 20. Rxe8+ Kf7 21. Re2 Bf4 22. Rae1 {
Materiell ist die Lage etwa ausgeglichen. Mir gefällt diese Stellung für
Schwarz besser als die Partiefortsetzung.}) 18. Nh4 $14 Bxc1 (18... Kh7 {
ändert wenig.}) 19. Raxc1 Kh7 (19... Kf7 20. Qd3 f5 21. Nf3 $16) 20. Qd2 Rf7 (
20... e5 $2 21. Be4 $18) 21. f4 {Schränkt die schwarzen Möglichkeiten weiter
ein.} ({Es gab hier eine lustige Alternative:} 21. Qa5 $5 {[%cal Rh4g6]} f5 (
21... Nd5 22. Qxc7 (22. Qxa7 $5) 22... Nxc7 23. d5 $36) 22. gxf5 gxf5 23. Nf3
$16) 21... Rfe7 22. Qf2 Nf8 ({Die Öffnung der Stellung kommt der Kraft des Bg2
zugute.} 22... c5 23. Be4 f5 24. dxc5 Nxc5 25. Bc2 $16) 23. Be4 {[%cal Rh4g6]}
f5 $8 24. Bb1 (24. Bd3) 24... Nbd7 (24... Rd8 25. Qe3 $40 {[%cal Yh4f3] Weiß
dominiert.}) 25. d5 {Sieht sehr kräftig aus.} ({Vielleicht wäre es aber
nachhaltiger gewesen, den Druck aufrecht zu erhalten, z.B.:} 25. b4) 25... exd5
$2 (25... cxd5 26. gxf5 (26. cxd5 exd5 $1 $132 27. Rxc7 $140 Rxe1+ 28. Kg2 R8e2
) 26... exf5 27. Rxe7 Rxe7 28. Rd1 (28. Nxf5 gxf5 29. Qh4+ Kg8 30. Qxe7 Qxf4
$132) 28... Qxc4 29. Nxf5 gxf5 30. Qh4+ Kg8 31. Qxe7 Qxf4 $11) 26. Rxe7 Rxe7
27. gxf5 Nf6 (27... dxc4 28. Nxg6 Nxg6 29. fxg6+ Kg8 30. Rxc4 $18) (27... gxf5
28. Nxf5 $18) 28. fxg6+ (28. Nxg6 Nxg6 29. fxg6+ Kg8 30. Bd3 $16) 28... Kg8 29.
Nf5 Re8 (29... Re6 30. Nd4) 30. c5 Re6 31. Nd4 Re8 32. b4 $2 (32. f5 $142)
32... Ne6 $2 ({Hier konnte (und sollte) Schwarz aktiv werden:} 32... Ne4 $1 33.
Bxe4 Rxe4 34. f5 Rxd4 $1 35. Qxd4 Qg3+ 36. Kf1 Qxh3+ 37. Ke2 Qxf5 $13) 33. Nxe6
Rxe6 34. Bf5 Re7 35. Kh1 Qd8 (35... Re8 $142 {[%cal Yc7e7]}) 36. Re1 {Der
Abtausch nützt Weiß, da der schwarze R aktiver stand.} Qe8 37. Rxe7 Qxe7 38.
Kg1 Kf8 39. Kf1 Ne4 40. Qe3 Qf6 41. Bxe4 dxe4 42. Qxe4 Qa1+ 43. Kg2 Qxa2+ 44.
Kg3 Qb3+ $6 45. Kh4 Qb2 (45... Qd5 46. Qxd5 cxd5 47. Kg4 Ke7 48. Kf5 $18) 46.
Kg4 Qa1 47. Kg5 a5 (47... Qf6+ 48. Kh5 (48. Kg4) 48... Qd8 49. Qf5+ Kg8 50.
Qf7+ Kh8) 48. bxa5 (48. Qf5+ Ke7 49. Qf7+ Kd8 50. Qf8+ Kd7 51. Qd6+ Kc8 52.
bxa5) 48... Qg1+ 49. Kh5 Qxc5+ 50. Qe5 Qb5 (50... Qxe5+ 51. fxe5 Ke7 52. Kg5 c5
53. Kf4 c4 54. Ke4 c3 55. Kd3 Ke6 56. Kxc3 Kxe5 57. Kc4 $18) 51. Kg5 ({
Natürlich nicht} 51. Qxb5 $4 cxb5 $19) 51... Qb3 52. Qb8+ Ke7 53. Qc7+ Ke8 54.
Qf7+ $1 {Am einfachsten: Überleitung in ein gewonnenes Bauernendspiel.} Qxf7
55. gxf7+ Kxf7 {Hecht: '[#] Verantwortlich für den Gewinn ist der große weiße
Raumvorteil, dokumentiert durch die Position des weißen Königs sowie die des
Ba5, der das Abholen des Bb7 via b6 möglich macht, ohne dass der Bc6
promoviert. Interessanterweise sticht der bald entstehende entfernte weiße
Freibauer den gedeckten von Schwarz aus.'} 56. Kf5 Ke7 57. Ke5 g6 (57... Kd7
58. h4 $18 (58. f5 {Hecht} Ke7 59. h4 Kd7 (59... Kf7 60. Kd6 Kf6 61. Kc5 Kxf5
62. Kb6 Kg4 63. Kxb7 Kxh4 64. a6 $18) 60. h5 (60. f6 g6 61. Kd4 {gewinnt auch})
60... Ke7 61. Kd4 Kd6 (61... Kf6 62. Kc5 Kxf5 63. Kb6 Kg5 64. Kxb7 Kxh5 65. a6
g5 66. a7 $18) 62. f6 gxf6 63. h6 $18)) 58. f5 gxf5 (58... g5 59. Kd4 $18 {
[%cal Yd4c5,Yc5b6,Yb6b7]}) 59. Kxf5 Kd6 60. h4 {Hecht: 'Weiß gewinnt mit genau
einem Tempo:'} (60. h4 {Hecht} Ke7 61. Ke5 Kf7 62. Kd6 Kg6 63. Kc5 $1 Kh5 64.
Kb6 Kxh4 65. Kxb7 c5 66. a6 c4 67. a7 c3 68. a8=Q $18) 1-0

[Event "Rostov on Don"]
[Site "Rostov on Don"]
[Date "1993.??.??"]
[Round "?"]
[White "Vaganian, Rafael A"]
[Black "Pushkov, Nikolai"]
[Result "1-0"]
[WhiteElo "2615"]
[BlackElo "2485"]
[Annotator "Horn,Pe"]
[PlyCount "77"]
[EventDate "1993.05.??"]
[EventType "tourn"]
[EventRounds "11"]
[EventCountry "RUS"]
[EventCategory "14"]
[SourceTitle "CBM 036"]
[Source "ChessBase"]
[SourceDate "1993.10.01"]
[SourceVersion "1"]
[SourceVersionDate "1993.10.01"]
[SourceQuality "1"]

1. Nf3 d5 2. g3 Nf6 3. Bg2 e6 4. O-O Be7 5. d3 O-O 6. Nbd2 Nc6 $6 (6... c5) 7.
e4 (7. c4 $5) (7. d4 Ne4) 7... dxe4 8. dxe4 e5 9. Qe2 (9. h3 $5) 9... Bg4 (9...
Nd4 $14) 10. c3 a5 $6 (10... Qc8 11. b4 $14) 11. Qb5 $1 {><b7,e5} (11. h3)
11... Bxf3 12. Bxf3 Rb8 $6 (12... Ra6 13. Nc4 $16) (12... Qc8 $5 13. Nc4 Qe6
$14 14. Qxb7 $4 (14. Bg5) (14. Be3) 14... Rfb8 15. Qxc7 Ne8 $19) 13. Rd1 {
/\ Nc4} Qe8 14. Kg2 (14. Nc4 $6 Nd4 15. Qxe8 Nxf3+ 16. Kg2 Rfxe8 (16... Nh4+
17. gxh4 Rfxe8 18. f3 b6 19. Nxe5) 17. Kxf3 b6 18. Nxe5 Bd6 19. Nc4 (19. Nc6
Rbc8 20. e5 Bxe5 21. Nxe5 Rxe5 22. Bf4) 19... Nxe4 20. Nxd6 Nxd6 21. Bf4 $14)
14... b6 15. a3 $16 Ra8 (15... Bd6 $2 16. Nc4) (15... Bc5 $2 16. b4) (15... Bd8
16. Nc4) 16. Nc4 {><e5} Bc5 17. Bg5 a4 $2 (17... Qe6 18. Bxf6 (18. h3 $5) 18...
gxf6 (18... Qxf6 19. Rd7) 19. h3 Rfd8 20. Bg4 Qe8 $16) 18. Bxf6 gxf6 19. Bg4
Ne7 20. Qxe8 Rfxe8 21. Rd7 Ra7 (21... b5 22. Rxc7 bxc4 23. Rxc5 $18) 22. Kf3 b5
23. Ne3 c6 (23... Bd6 24. Rd1 Ra6 25. c4) 24. Rxa7 Bxa7 25. Rd1 Bxe3 26. Kxe3
Rb8 27. Rd6 Kg7 28. Kd3 Rb6 29. h4 Rb8 30. Kc2 h6 31. Rd7 Kf8 32. Ra7 Ke8 33.
Bd7+ Kd8 $2 (33... Kf8 34. Rc7 Rb6 35. h5) 34. h5 $1 Rb6 35. Bg4 f5 (35... Rb8
36. Rd7+ Ke8 37. Rd6 $18) (35... Ke8 $4 36. Ra8+ $18) 36. Bxf5 Nxf5 37. exf5
Ke8 38. Rc7 Kf8 39. f6 1-0